000 ncm a22 a 4500
999 _c349465
_d349465
003 BLK
005 20201007040653.0
008 200325b bu ||||| |||| 00| 0 bu d
040 _aBLK
041 _aBUL
_cBUL
080 _aКонтрабас. Гами, етюди, учебна литература
_b787.41.087.5
_x787.41.087.5
100 _aНиколов, Николай Стоилов
_eпърви автор
_91299
139 _aНиколов, Николай Стоилов
_bН 74
245 _aЕтюди [Нотирана музика]
_bЗа контрабас : на народностна основа
_cНиколай Николов
260 _9209430
_aСофия
_bМузика
_c1976
300 _a36 с.
_c31 см
380 _a7
500 _a440 тир.
852 _aМ ІІ 7120
942 _cNOT
_n0
_s1
944 _aCR
_c2020-03-25
_l2020-03-25
999 _d349465
999 _d349463
999 _d349462
999 _d349461
999 _d349459
999 _d349458
999 _d349457
999 _d349455